000 00548nam a22001697a 4500
005 20251108165032.0
008 250721s1984 xx 000 0 ara d
082 1 4 _a956.203/جني
100 1 _aالجنيدي، سليم نوران
245 1 0 _aمعتقل أنصار و صراع الإرادات /
264 1 _aعمان :
_bدار الجليل،
_c1984.
300 _a251ص.
490 0 _aالحرب الفلسطينية - الإسرائيلية في لبنان ؛5
650 1 7 _aتاريخ لبنان
942 _2ddc
_cBK
999 _c20497
_d20497